000
00212 a2200097 4500
001
50982
100
_a
Phagan R Jesse
245
_a
Electronics Math
260
_a
Newyork
_b
Tab Books I
_c
090
_c
32282
_d
32282
942
_a
NUST-CAE
_c
M
_c
24761
999
_c
286055
_d
286055